Всеканадські святкування 100-річчя (988-1988) хрещення Русі-України у св. православну віру (Запис № 580662)

МАРК-запис
000 -Лідер
fixed length control field 00957 a2200205 4500
003 - Ідентифікатор контрольного номера
control field UA-OsUOA
005 - Дата та час останнього входження (трансакції)
control field 20260507154917.0
008 - Елементи даних фіксованої довжини – загальна інформація
fixed length control field 260507b un ||||| |||| 00| 0 ukr d
040 ## - Джерело каталогізації
Агенція оригінальної каталогізації UA-OsUOA
Мова каталогізації ukr
Агенція, яка здійснювала перезапис UA-OsUOA
Агенція, яка здійснювала модифікацію UA-OsUOA
041 ## - Код мови
Код мови тексту/ звукової доріжки чи окремого заголовка (П) ukr
080 ## - Індекс Універсальної десяткової класифікації
Індекс Універсальної десяткової класифікації (УДК) (НП) 27
090 ## - Локальний шифр розміщення
Класифікаційний індекс УДК 27
Авторський знак (НП) В85
111 ## - Наймення заходу – загальна інформація
Найменування заходу як початковий елемент введення Всеканадські святкування 100-річчя (988-1988) хрещення Русі-України у св. православну віру
Місце зустрічі Саскатун, Саскачеван
Дата зустрічі 13-16 серпня, 1987
9 (RLIN) 25196
245 ## - Відомості про назву
Назва (НП) Всеканадські святкування 100-річчя (988-1988) хрещення Русі-України у св. православну віру
260 ## - Публікація, розповсюдження і т.п. (Вихідні дані)
Дата публікації, розповсюдження і т.п. (П) 13-16 серпня 1987
Місце публікації, розповсюдження і т.п. (П) Саскатун
650 ## - Додаткове предметне введення – тематичний термін
Джерело заголовка чи терміна UDC
Тематичний термін чи географічна назва, як елемент введення (НП) 27 Християнство
9 (RLIN) 3054
942 ## - Додаткові елементи входу (Коха)
Тип елемента Koha Брошура
Source of classification or shelving scheme Universal Decimal Classification
955 ## - Код типу видання за змістом
Код типу видання за змістом (НП) інше
Фонди
Стан вилучень Стан втрат Джерело класифікації або схеми стелажів Стан уражень Не для кредиту Постійне місце розташування Поточне розміщення Дата придбання Джерело придбання Вартість, звичайна ціна покупки Інвентарний номер Усього замовленно Повний номер виклику Штрих-код Дата останнього перегляду Вартість, ціна заміни Ціна ефективна від Тип елемента Koha Примітка, призначена для загального доступу
    Universal Decimal Classification     Наукова бібліотека ІДУД Наукова бібліотека ІДУД 07/05/2026 №15/06.05.2026 (ІДУД) 1.00 300880   27 В85 300880 07/05/2026 1.00 07/05/2026 Брошура Книгу отримано в дар від Романа Єринюка